000 00298nam a22001337a 4500
008 181023b xxu||||| |||| 00| 0 eng d
020 _a9780761503255
041 _aeng
080 _a610
100 _a4
101 _aSHM
245 _aDoctor's Little Book of Answers
_cBrown,C
942 _2udc
_cBK
999 _c50596
_d50596